[Event "HUN-chT2 Barcza 1617"]
[Site "Hungary"]
[Date "2016.09.25"]
[Round "1.6"]
[White "Szabo, Istvan1111"]
[Black "Talian, Pal"]
[Result "0-1"]
[WhiteElo "1954"]
[BlackElo "1857"]
[PlyCount "60"]
[EventDate "2016.09.25"]
[EventType "team-tourn"]
[EventRounds "11"]
[EventCountry "HUN"]
[SourceTitle "EXT 2021"]
[Source "ChessBase"]
[SourceDate "2020.10.23"]
[SourceVersion "1"]
[SourceVersionDate "2020.10.23"]
[SourceQuality "1"]
[WhiteTeam "Hajduszoboszlo"]
[BlackTeam "Sajobabony"]
[WhiteTeamCountry "HUN"]
[BlackTeamCountry "HUN"]

1. c4 e6 2. Nc3 d5 3. d4 Nf6 4. Bg5 Be7 5. Nf3 0-0 6. e3 Ne4 7. Bxe7 Qxe7 8. Nxe4 dxe4 9. Nd2 f5 10. Qc2 c5 11. Nb3 cxd4 12. exd4 Nc6 13. a3 Qg5 14. Qd2 f4 15. 0-0-0 e3 16. Qe2 e5 17. d5 Nd4 18. Nxd4 exd4 19. Rxd4 Qe5 20. Rd1 Bf5 21. f3 Rac8 22. Qe1 b5 23. Qc3 Qxc3+ 24. bxc3 bxc4 25. Kb2 Rb8+ 26. Ka2 Bc2 27. Rd4 Rb1 28. Bxc4 Rxh1 29. d6+ Kh8 30. d7 Rd1 0-1

[Event "HUN-chT2 Barcza 1415"]
[Site "Hungary"]
[Date "2015.03.22"]
[Round "?"]
[White "Talian, Pal"]
[Black "Vodila, Martin Botond"]
[Result "1/2-1/2"]
[WhiteElo "1922"]
[BlackElo "1739"]
[PlyCount "23"]
[EventDate "2014.09.07"]
[EventType "team-tourn"]
[EventRounds "11"]
[EventCountry "HUN"]
[SourceTitle "EXT 2016"]
[Source "ChessBase"]
[SourceDate "2015.10.08"]
[SourceVersion "1"]
[SourceVersionDate "2015.10.08"]
[SourceQuality "1"]
[WhiteTeam "Sajobabony"]
[BlackTeam "Edeleny"]
[WhiteTeamCountry "HUN"]
[BlackTeamCountry "HUN"]

1. d4 d5 2. c4 c6 3. e3 Nf6 4. Nc3 e6 5. Nf3 Nbd7 6. a3 Be7 7. c5 b6 8. b4 a5 9. Bb2 Bb7 10. Bd3 0-0 11. 0-0 axb4 12. axb4 1/2-1/2

[Event "HUN-chT2 Barcza 1314"]
[Site "Hungary"]
[Date "2014.04.13"]
[Round "10"]
[White "Talian, Pal"]
[Black "Kulcsar, Gabor"]
[Result "1-0"]
[WhiteElo "1918"]
[BlackElo "2094"]
[PlyCount "89"]
[EventDate "2013.09.08"]
[EventType "team-tourn"]
[EventRounds "11"]
[EventCountry "HUN"]
[SourceTitle "EXT 2016"]
[Source "ChessBase"]
[SourceDate "2015.10.08"]
[SourceVersion "1"]
[SourceVersionDate "2015.10.08"]
[SourceQuality "1"]
[WhiteTeam "Sajobabony"]
[BlackTeam "Debrecen Sakkiskola"]
[WhiteTeamCountry "HUN"]
[BlackTeamCountry "HUN"]

1. d4 d5 2. c4 c6 3. e3 Bf5 4. Nc3 e6 5. Nf3 Nf6 6. a3 Nbd7 7. c5 Be7 8. Bd3 Bxd3 9. Qxd3 0-0 10. b4 b6 11. 0-0 a5 12. Bd2 axb4 13. axb4 b5 14. e4 dxe4 15. Nxe4 Nd5 16. Neg5 N7f6 17. Ne5 Qc7 18. Rxa8 Rxa8 19. Ngxf7 Ra4 20. Qg3 Kf8 21. Re1 Nd7 22. Bg5 Bf6 23. Nd6 Rxb4 24. Qh3 Nxe5 25. Qxe6 Qe7 26. Qc8+ Qd8 27. Qxd8+ Bxd8 28. Bxd8 Rxd4 29. h3 g6 30. Rxe5 b4 31. Re2 Rd1+ 32. Kh2 Rb1 33. Bg5 Kg7 34. Be3 Nxe3 35. Rxe3 b3 36. Kg3 b2 37. Rb3 Rc1 38. Rxb2 Rxc5 39. Rb7+ Kh6 40. f4 Rc2 41. Ne4 g5 42. Nxg5 c5 43. h4 Kg6 44. Rxh7 c4 45. h5+ 1-0